O zábavnej hudbe

Bibliographic Details
Main Author: Bázlik, Igor, 1941-2023 (Author)
Format: Article
Language:Slovak
Subjects:

MARC

LEADER 00000nab a2200000 a 4500
001 vtls000275831
003 SK-MaSNL
005 20260303234239.0
008 111130c1987 xo 0 slo
015 |a SNBRB19rr/mm-uuuuu 
035 |a CL0285945 
040 |a SNKBUCL  |b slo  |c SNKBUCL  |e AACR2 
041 0 |a slo 
044 |a xo  |c SK 
080 |a 784.66(437.6)  |2 1981 
100 1 |a Bázlik, Igor,  |d 1941-2023  |4 aut  |9 121696 
245 1 0 |a O zábavnej hudbe  |c Igor Bázlik 
650 0 7 |a hudba populárna slovenská  |2 snkbucl  |9 888568 
655 7 |a články z novín a časopisov  |2 snkbucl  |9 267496 
773 0 |t Nové slovo  |g Roč. 29, č. 5 (1987) 
850 |a Slovenská národná knižnica v Martine  |a MTA001 
852 |a SNK  |b KIS3GCP 
958 |a RK 
992 |a RBX 
999 |c 2519965  |d 2521895